[Event "Moscow Open 2009 B"]
[Site "www.moscowchessopen.ru"]
[Date "2009.02.04"]
[Round "5.110"]
[White "Shitov, Yaroslav"]
[Black "Staroselsky, Vladimir"]
[Result "1-0"]
[WhiteElo "2137"]
[BlackElo "1957"]
[Annotator ""]
[Source ""]
[Remark ""]

1.e4 c6 2.d4 d5 3.exd5 cxd5 4.c4 Nf6 5.Nc3 g6 6.Nf3 Bg7 7.Bg5
O-O 8.Bd3 dxc4 9.Bxc4 e6 10.O-O Qc7 11.Bb3 Nbd7 12.Rc1 Qa5 13.Qe2
b6 14.Rfd1 Bb7 15.Ne5 Kh8 16.Bd2 Ba6 17.Qe1 Nxe5 18.dxe5 Ne8
19.Nd5 Qb5 20.Bc4 Qa4 21.b3 Qd7 22.Nf6 Qb7 23.Bb4 Nxf6 24.exf6
Bxf6 25.Bxf8 Rxf8 26.Qb4 Kg8 27.a4 Bxc4 28.Qxc4 Be5 29.b4 Qb8
30.g3 h5 31.b5 Bd6 32.Qe4 Ba3 33.Rc3 Bb2 34.Rcd3 Qc8 35.Rd7 a6
36.Qc6 Qxc6 37.bxc6 Kg7 38.Rd8 Be5 39.f4 Bc7 40.Rxf8 Kxf8 41.Rd7 1-0

[Event "Moscow Open 2009 B"]
[Site "www.moscowchessopen.ru"]
[Date "2009.02.04"]
[Round "5.111"]
[White "Pankov, Gennady"]
[Black "Rublev, Sergey"]
[Result "0-1"]
[WhiteElo "2014"]
[BlackElo "2128"]
[Annotator ""]
[Source ""]
[Remark ""]

1.e4 e5 2.Nf3 Nc6 3.Bb5 a6 4.Ba4 Nf6 5.O-O Be7 6.Re1 b5 7.Bb3
O-O 8.c3 d5 9.exd5 Nxd5 10.Nxe5 Nxe5 11.Rxe5 Nf6 12.h3 Bd6 13.Re1
Ng4 14.Qf3 Qh4 15.d4 Nxf2 16.Qxf2 Bh2+ 17.Kf1 Bg3 0-1

[Event "Moscow Open 2009 B"]
[Site "www.moscowchessopen.ru"]
[Date "2009.02.04"]
[Round "5.112"]
[White "Semenov, Viktor"]
[Black "Kanjaryan, Vladimir"]
[Result "1/2-1/2"]
[WhiteElo "2126"]
[BlackElo "1877"]
[Annotator ""]
[Source ""]
[Remark ""]

1.Nf3 d5 2.c4 e6 3.b3 Nf6 4.Bb2 Bd6 5.g3 O-O 6.Bg2 Nbd7 7.O-O
c6 8.d3 e5 9.Nc3 d4 10.Ne4 Be7 11.Nxf6+ Bxf6 12.Ba3 Be7 13.Bxe7
Qxe7 14.e4 g6 15.Qe2 c5 16.Nd2 Nf6 17.h3 Nh5 18.Kh2 Bd7 19.Bf3
Ng7 20.Bg2 Nh5 1/2-1/2

[Event "Moscow Open 2009 B"]
[Site "www.moscowchessopen.ru"]
[Date "2009.02.04"]
[Round "5.113"]
[White "Tangatarov, Timur"]
[Black "Abdrakhmanov, Ramiss"]
[Result "1/2-1/2"]
[WhiteElo "2121"]
[BlackElo "1863"]
[Annotator ""]
[Source ""]
[Remark ""]

1.e4 c5 2.Nf3 d6 3.d4 cxd4 4.Nxd4 a6 5.Nc3 Nc6 6.Be2 Nf6 7.O-O
e6 8.Kh1 Be7 9.f4 Qc7 10.a4 b6 11.Nxc6 Qxc6 12.e5 dxe5 13.fxe5
Nd5 14.Nb5 Bb7 15.c4 axb5 16.cxd5 Qxd5 17.Bxb5+ Kf8 18.Qe2 Qe4
19.Qf2 f5 20.exf6 gxf6 21.Bg5 Rg8 22.h4 Qg4 23.Rae1 Rxg5 24.hxg5
Qh5+ 25.Kg1 Bc5 26.Re3 f5 27.b4 Bd4 28.Qf4 Rd8 29.Rfe1 Be4 30.Be2
Qf7 31.Rd1 e5 32.Qf2 Rc8 33.Rxd4 exd4 34.Rh3 Rc2 35.Qxd4 Rxe2
36.Qh8+ Qg8 1/2-1/2

[Event "Moscow Open 2009 B"]
[Site "www.moscowchessopen.ru"]
[Date "2009.02.04"]
[Round "5.114"]
[White "Rakhmatulaev, Konstantin"]
[Black "Aliekhin, Vladislav"]
[Result "1-0"]
[WhiteElo "2002"]
[BlackElo "2120"]
[Annotator ""]
[Source ""]
[Remark ""]

1.d4 c5 2.d5 d6 3.c4 g6 4.Nc3 Bg7 5.e4 Nf6 6.f3 O-O 7.Be3 e6
8.Qd2 exd5 9.cxd5 h5 10.Bh6 Re8 11.Bxg7 Kxg7 12.O-O-O a6 13.h3
b5 14.g4 hxg4 15.hxg4 Rh8 16.Nh3 Qe7 17.Bg2 Nbd7 18.Nf2 Bb7 19.g5
Nh5 20.Ne2 Kf8 21.f4 Ke8 22.Ng3 b4 23.Nxh5 gxh5 24.Rh2 Kd8 25.Rdh1
Kc7 26.Rxh5 Rxh5 27.Rxh5 Rg8 28.Ng4 f6 29.Nh6 Rg6 30.Nf5 Qf7
31.Qd1 fxg5 32.fxg5 Ne5 33.Qh1 Qe8 34.b3 Bc8 35.Rh8 Qb5 36.Bf1
Qa5 37.Qg2 Bd7 38.Kb1 Bb5 39.Rh7+ Nd7 40.Rg7 Rxg7 41.Nxg7 Ne5
42.Ne6+ Kb6 43.Nf4 Ka7 44.g6 Bxf1 45.Qxf1 Qd8 46.g7 Qg5 47.Qg2
Ng4 48.Nh5 Qh4 49.Ng3 Nf6 50.Qf3 Qg5 51.Nf5 Qg1+ 52.Kb2 Qh2+
53.Kb1 Qg1+ 54.Kc2 Qh2+ 55.Kc1 Qxa2 56.Nxd6 Qa1+ 57.Kd2 Qb2+
58.Kd1 Qd4+ 59.Ke2 Kb6 60.Nc4+ Kc7 61.d6+ Kc6 62.e5+ Nd5 1-0

[Event "Moscow Open 2009 B"]
[Site "www.moscowchessopen.ru"]
[Date "2009.02.04"]
[Round "5.115"]
[White "Losev, Sergey"]
[Black "Gaboev, Batraz"]
[Result "1/2-1/2"]
[WhiteElo "1985"]
[BlackElo "2120"]
[Annotator ""]
[Source ""]
[Remark ""]

1.d4 Nf6 2.c4 c5 3.d5 e6 4.Nc3 exd5 5.Nxd5 Nxd5 6.cxd5 d6 7.Nf3
g6 8.Bg5 f6 9.Qa4+ Bd7 10.Qe4+ Qe7 11.Qxe7+ Bxe7 12.Bh6 Na6 13.a3
Nc7 14.e4 Kf7 15.Bf4 Rhe8 16.O-O-O Bf8 17.Bd3 b5 18.Rhe1 a5 19.h3
a4 20.g4 Rac8 21.g5 Bxh3 22.gxf6 h6 23.Rg1 Red8 24.Rg3 g5 25.Bxg5
hxg5 26.Nxg5+ Kxf6 27.Nxh3 Bh6+ 28.Kb1 Rg8 29.Rxg8 Rxg8 1/2-1/2

[Event "Moscow Open 2009 B"]
[Site "www.moscowchessopen.ru"]
[Date "2009.02.04"]
[Round "5.116"]
[White "Fedechkin, Vladimir"]
[Black "Saraev, Anton"]
[Result "1/2-1/2"]
[WhiteElo "1976"]
[BlackElo "2119"]
[Annotator ""]
[Source ""]
[Remark ""]

1.d4 Nf6 2.Nf3 g6 3.c4 Bg7 4.Nc3 O-O 5.e4 d6 6.Be2 e5 7.dxe5
dxe5 8.Qxd8 Rxd8 9.Bg5 Re8 10.O-O-O Na6 11.Ne1 h6 12.Bh4 c6 13.f3
Nd7 14.Nc2 Bf8 15.a3 Nac5 16.b4 Ne6 17.Rhe1 a5 18.Bf2 axb4 19.axb4
c5 20.b5 Nd4 21.Nd5 Bd6 22.Bd3 b6 23.Kb2 Bb7 24.Nce3 f6 25.Rf1
Rf8 26.Be1 f5 27.exf5 gxf5 28.g4 f4 29.Nf5 Bxd5 30.cxd5 Nxf5
31.Bxf5 Nf6 32.Bc3 Ra4 33.h4 Rfa8 34.Rg1 Ra2+ 35.Kb1 Rf2 36.g5
hxg5 37.Rxg5+ Kf8 38.Rg6 Kf7 39.Rdg1 Ra3 40.Be6+ Ke7 41.Rg7+
Kd8 42.Rf7 Rb3+ 43.Ka1 1/2-1/2

[Event "Moscow Open 2009 B"]
[Site "www.moscowchessopen.ru"]
[Date "2009.02.04"]
[Round "5.117"]
[White "Subbotsky, Mikhail"]
[Black "Adamson, Garry"]
[Result "1-0"]
[WhiteElo "1974"]
[BlackElo "2115"]
[Annotator ""]
[Source ""]
[Remark ""]

1.d4 d5 2.c4 e5 3.dxe5 d4 4.Nf3 Nc6 5.g3 Be6 6.Nbd2 Qd7 7.Bg2
O-O-O 8.O-O f6 9.exf6 Nxf6 10.a3 Na5 11.b4 Nxc4 12.Nxc4 Bxc4
13.Ne5 Qe6 14.Nxc4 Qxc4 15.Bf4 Nd5 16.Rc1 Nc3 17.Rxc3 Qxc3 18.Qa4
Bd6 19.Qxa7 Kd7 20.Bh3+ Ke8 21.Qxb7 Qc2 22.Bg5 Be7 23.Rc1 Qxe2
24.Bf1 Qe5 25.Bb5+ Kf8 26.Rxc7 Qxg5 27.h4 Qe5 28.Rc8 Qd6 29.Rc6
Qb8 30.Qa6 Qe5 31.Re6 Qb8 32.Qc6 Qa8 33.Qc1 Qb8 34.a4 d3 35.Qd2
h6 36.Re3 g5 37.Rf3+ Kg7 38.Qc3+ Kg6 39.Bxd3+ Rxd3 40.Qxd3+ Kg7
41.Qd4+ Kg6 42.Qe4+ Kh5 43.g4+ Kxh4 44.Kg2 1-0

[Event "Moscow Open 2009 B"]
[Site "www.moscowchessopen.ru"]
[Date "2009.02.04"]
[Round "5.118"]
[White "Tekuchev, Robert"]
[Black "Zhukovsky, Viacheslav"]
[Result "0-1"]
[WhiteElo "1971"]
[BlackElo "2115"]
[Annotator ""]
[Source ""]
[Remark ""]

1.d4 e6 2.e4 d5 3.exd5 exd5 4.Bd3 Bd6 5.Ne2 Ne7 6.c3 Nd7 7.O-O
c6 8.Bf4 Qc7 9.Bxd6 Qxd6 10.Nd2 Nf6 11.Nf3 Be6 12.Re1 h6 13.a4
O-O 14.h3 b6 15.Qd2 Bf5 16.Ng3 Be6 17.Ne5 c5 18.Ne2 Rfc8 19.Nf4
Bf5 20.Bxf5 Nxf5 21.Qd3 Ne7 22.Qe3 Re8 23.Qf3 Rac8 24.Ne2 Nc6
25.Nxc6 Qxc6 26.Qd3 Re7 27.Red1 Rce8 28.Ng3 g6 29.h4 h5 30.b3
Qd6 31.a5 Qf4 32.dxc5 bxc5 33.Ra4 Re1+ 34.Rxe1 Rxe1+ 35.Nf1 Ne4
36.Ra2 Qc1 37.g3 Rd1 38.Qe2 Re1 39.Qd3 Qb1 40.Qxb1 Rxb1 41.Rc2
Rxb3 42.Nd2 Rxc3 43.Rxc3 Nxc3 44.Nb3 c4 45.Nd4 Kf8 0-1

[Event "Moscow Open 2009 B"]
[Site "www.moscowchessopen.ru"]
[Date "2009.02.04"]
[Round "5.119"]
[White "Rasstriguine, Andrei"]
[Black "Vavulin, Maksim"]
[Result "0-1"]
[WhiteElo "2111"]
[BlackElo "1857"]
[Annotator ""]
[Source ""]
[Remark ""]

1.Nf3 Nf6 2.c4 g6 3.Nc3 Bg7 4.e4 d6 5.d4 O-O 6.Be2 e5 7.O-O Nc6
8.d5 Ne7 9.Ne1 Nd7 10.Be3 f5 11.f3 f4 12.Bf2 g5 13.Nd3 h5 14.c5
Nf6 15.Rc1 Ng6 16.cxd6 cxd6 17.Nb5 Rf7 18.Qc2 Ne8 19.a4 g4 20.Bxa7
g3 21.h3 Bd7 22.Nc5 dxc5 23.Bxc5 Bf8 24.d6 Rf6 25.Rfd1 Nh8 26.Qc3
Nf7 27.Bc4 Bxb5 28.axb5 Bxd6 29.b4 b6 30.Bd5 Ra7 31.Bxd6 Rxd6
32.Qxe5 Kf8 33.Qxf4 Qg5 34.Qxg5 Nxg5 35.f4 Ne6 36.e5 Rxd5 37.Rxd5
Nxf4 38.Rd2 Nc7 39.h4 Nxb5 40.Rf1 Rf7 41.Rf3 Nd4 42.Re3 Rc7 43.Kf1
Nf5 44.Re1 Nxh4 45.e6 Ke7 46.Red1 Kxe6 47.Rd6+ Kf5 48.Rxb6 Rc2
49.Rb8 Rf2+ 50.Kg1 Rxg2+ 51.Kh1 Rh2+ 52.Kg1 Ne2+ 53.Kf1 g2+ 54.Kxe2
g1Q+ 0-1

[Event "Moscow Open 2009 B"]
[Site "www.moscowchessopen.ru"]
[Date "2009.02.04"]
[Round "5.120"]
[White "Shilnikov, Igor S"]
[Black "Voronkov, Leonid"]
[Result "0-1"]
[WhiteElo "1963"]
[BlackElo "2109"]
[Annotator ""]
[Source ""]
[Remark ""]

1.d4 e6 2.Nf3 f5 3.Bg5 Be7 4.h4 Nf6 5.Nbd2 b6 6.Bxf6 Bxf6 7.e4
fxe4 8.Nxe4 Bb7 9.Bd3 Qe7 10.Qe2 Nc6 11.c3 O-O-O 12.Ba6 d5 13.Nxf6
gxf6 14.O-O-O Rhg8 15.g3 e5 16.Rhe1 e4 17.Ng1 Qd7 18.Bxb7+ Kxb7
19.Qf1 Na5 20.b3 f5 21.Nh3 c5 22.Nf4 c4 23.b4 Nc6 24.Qe2 Ne7
25.h5 Ra8 26.Qb2 a5 27.a3 axb4 28.axb4 Ra4 29.Kd2 Rga8 30.Ra1
Qb5 31.Rxa4 Qxa4 32.Rb1 Qa3 33.Qxa3 Rxa3 34.Kc2 Kc6 35.Kb2 Ra8
36.Ra1 Rxa1 37.Kxa1 Kd6 38.Kb2 Ng8 39.Kc2 Nf6 40.Kd2 Ke7 41.Ke3
Kf7 42.Ke2 Ke7 43.Kf1 Kd6 44.Kg2 Kc6 45.Kf1 Kb5 46.Ke2 Ka4 47.Ke3
Kb3 48.Kd2 Kb2 49.h6 Kb3 50.Ne2 b5 51.Ng1 Kb2 52.Ne2 Ng4 53.Nf4
Nxf2 54.Nxd5 Ng4 55.Nc7 e3+ 56.Ke2 Kxc3 57.d5 Kxb4 58.d6 Nxh6
59.d7 Nf7 60.Ne6 c3 61.Kxe3 Kb3 62.Kd3 Kb2 63.Ng5 Ne5+ 0-1

[Event "Moscow Open 2009 B"]
[Site "www.moscowchessopen.ru"]
[Date "2009.02.04"]
[Round "5.121"]
[White "Smotriakov, Arkady"]
[Black "De Luna Butz, Alberto"]
[Result "1-0"]
[WhiteElo "2101"]
[BlackElo "1849"]
[Annotator ""]
[Source ""]
[Remark ""]

1.c4 Nf6 2.Nc3 c6 3.d4 d5 4.Nf3 a6 5.a4 e6 6.e3 Nbd7 7.Bd3 Be7
8.O-O O-O 9.e4 dxe4 10.Nxe4 Nxe4 11.Bxe4 Nf6 12.Bc2 c5 13.Bg5
h6 14.Bh4 cxd4 15.Qd3 g6 16.Ne5 Qe8 17.f4 Nd7 18.Nxg6 fxg6 19.Bxe7
Qxe7 20.Qxg6+ Qg7 21.Qxe6+ Kh8 22.Ra3 Nf6 23.Qe2 Ng4 24.Rg3 Qf6
25.Qe4 1-0

[Event "Moscow Open 2009 B"]
[Site "www.moscowchessopen.ru"]
[Date "2009.02.04"]
[Round "5.122"]
[White "Rabinovich, Anton"]
[Black "Jorov, Boris"]
[Result "1/2-1/2"]
[WhiteElo "1956"]
[BlackElo "2099"]
[Annotator ""]
[Source ""]
[Remark ""]

1.c4 c5 2.Nf3 Nf6 3.d4 cxd4 4.Nxd4 Nc6 5.Nc3 g6 6.e4 d6 7.Be2
Bg7 8.Be3 O-O 9.f3 Nxd4 10.Bxd4 Be6 11.Nd5 Nxd5 12.cxd5 Qa5+
13.Kf2 Bxd4+ 14.Qxd4 Bd7 15.a3 Rfc8 16.Rac1 Qd8 17.g3 Rc7 18.Rxc7
Qxc7 19.Bd3 b6 20.g4 Rc8 21.h4 Qc5 22.Ke3 e5 23.Qxc5 Rxc5 24.Kd2
Kg7 25.Rc1 Rxc1 26.Kxc1 h5 27.gxh5 gxh5 28.Kd2 Kf8 29.Ke3 Ke7
30.Be2 Be8 31.f4 f6 32.f5 Kd8 33.Kd2 Kc7 34.Kc3 b5 35.b3 Kb6 1/2-1/2

[Event "Moscow Open 2009 B"]
[Site "www.moscowchessopen.ru"]
[Date "2009.02.04"]
[Round "5.123"]
[White "Ustinov, Alexey"]
[Black "Komov, Sergey"]
[Result "1-0"]
[WhiteElo "2099"]
[BlackElo "1809"]
[Annotator ""]
[Source ""]
[Remark ""]

1.d4 Nf6 2.Nf3 d5 3.Bf4 e6 4.e3 Be7 5.Bd3 O-O 6.Nbd2 Nbd7 7.O-O
c5 8.c3 c4 9.Bc2 Re8 10.e4 dxe4 11.Nxe4 Nxe4 12.Bxe4 Nf6 13.Bc2
Bd7 14.Qe2 Rc8 15.Ne5 b5 16.Bg5 Bc6 17.Bxf6 Bxf6 18.Bxh7+ Kf8
19.Bc2 Qd5 20.f4 Bb7 21.Rae1 Bh4 22.Be4 Qxe4 23.Qxe4 Bxe4 24.Rxe4
Rc7 25.f5 Bf6 26.Ng4 Rc6 27.Rfe1 Rd6 28.Kf2 Bd8 29.fxe6 fxe6
30.Re5 a6 31.Ke3 Kf7 32.Rf1+ Bf6 33.Rc5 Re7 34.Rc8 Kg6 35.Ke4
Rb7 36.a3 Rbd7 37.Rc5 Re7 38.Ne5+ Bxe5 39.Kxe5 Rb6 40.Rf8 Rf7
41.Rxf7 Kxf7 42.Rc7+ Kf8 43.g4 a5 44.h4 b4 45.axb4 axb4 46.Rxc4
bxc3 47.bxc3 1-0

[Event "Moscow Open 2009 B"]
[Site "www.moscowchessopen.ru"]
[Date "2009.02.04"]
[Round "5.124"]
[White "Levashov, Michael"]
[Black "Samatov, Anatolij"]
[Result "1-0"]
[WhiteElo "1952"]
[BlackElo "2098"]
[Annotator ""]
[Source ""]
[Remark ""]

1.Nf3 c5 2.c4 Nf6 3.Nc3 d6 4.d4 cxd4 5.Nxd4 b6 6.e4 Bb7 7.f3
e6 8.Be3 Be7 9.Be2 O-O 10.O-O Nbd7 11.Ndb5 Qb8 12.Qd2 a6 13.Nd4
Qc7 14.Rfd1 Rac8 15.Bf1 Rfe8 16.Rac1 Qb8 17.Qf2 Bd8 18.b3 Bc7
19.g3 Ne5 20.Bg2 h6 21.Nde2 Ned7 22.Nd4 Nh7 23.Qd2 Nhf6 24.Qf2
h5 25.Qd2 Rcd8 26.Bg5 Rc8 27.Nde2 Nh7 28.Bf4 Ne5 29.Be3 Rcd8
30.Qe1 f5 31.Nf4 Nf6 32.Qf2 fxe4 33.fxe4 Nfg4 34.Qe2 Nxe3 35.Qxe3
Ng4 36.Qe2 b5 37.c5 dxc5 38.Nxh5 Ne5 39.Nf4 Bb6 40.Kh1 Qc7 41.Rxd8
Qxd8 42.Rd1 Qf6 43.Rf1 Qh6 44.Nxb5 Rd8 45.Na3 g5 46.Nh5 g4 47.Nf6+
Kh8 48.Nxg4 Qh5 49.h3 Rg8 50.Nc4 Nxg4 51.Nxb6 Qh6 52.Nc4 e5 53.Kg1
Nf6 54.Nd6 Qg6 55.Nxb7 Nh5 56.g4 Nf4 57.Qb2 Qg5 58.Nd6 Rf8 59.Nf5
Qf6 60.g5 Nxh3+ 61.Bxh3 Qxg5+ 62.Qg2 Qf6 63.Qg7+ 1-0

[Event "Moscow Open 2009 B"]
[Site "www.moscowchessopen.ru"]
[Date "2009.02.04"]
[Round "5.125"]
[White "Zhuravliev, Vladilen"]
[Black "Magdalinskaya, Evgenia"]
[Result "1-0"]
[WhiteElo "2097"]
[BlackElo "1800"]
[Annotator ""]
[Source ""]
[Remark ""]

1.Nf3 g6 2.e4 d6 3.c3 Nf6 4.d3 Bg7 5.Be2 O-O 6.O-O Nc6 7.Re1
e5 8.Nbd2 Bg4 9.Nf1 Qc8 10.Bd2 a6 11.Qc1 Re8 12.Bd1 b5 13.h3
Bd7 14.Bh6 Nd8 15.Be3 Ne6 16.Ng5 d5 17.Bb3 c6 18.Nh2 Nc7 19.Qc2
Nh5 20.Qd2 f6 21.Ngf3 Kh8 22.g4 Nf4 23.Bxf4 exf4 24.Qxf4 g5 25.Qg3
a5 26.Nd4 h5 27.f3 h4 28.Qf2 a4 29.Bc2 dxe4 30.fxe4 Ne6 31.Nxe6
Bxe6 32.Nf3 c5 33.a3 Bf8 34.d4 cxd4 35.Nxd4 Kg7 36.Rf1 Be7 37.Qf3
Rf8 38.Rf2 Bc4 39.Rd1 Qb8 40.Nf5+ Kf7 41.Rd7 Re8 42.Nxe7 Qg3+
43.Qxg3 hxg3 44.Nf5+ Ke6 45.Rd6+ Ke5 46.Rfd2 Rh8 47.Kg2 Kf4 48.Nxg3 1-0

[Event "Moscow Open 2009 B"]
[Site "www.moscowchessopen.ru"]
[Date "2009.02.04"]
[Round "5.126"]
[White "Pristalov, Evgeny"]
[Black "Lagashin, Pavel"]
[Result "0-1"]
[WhiteElo "1905"]
[BlackElo "2095"]
[Annotator ""]
[Source ""]
[Remark ""]

1.e4 e5 2.Nf3 Nf6 3.Nxe5 d6 4.Nf3 Nxe4 5.d4 d5 6.Bd3 Nc6 7.c3
Be7 8.O-O O-O 9.Qc2 Bf5 10.Nbd2 Nxd2 11.Bxd2 Bxd3 12.Qxd3 Bf6
13.Bf4 g6 14.Nd2 Qd7 15.b4 Rfe8 16.a4 Re7 17.Qb5 Nd8 18.Qxd7
Rxd7 19.Nb3 Ne6 20.Bg3 Re8 21.Rfe1 Rde7 22.Kf1 b6 23.f3 h5 24.h3
Ng7 25.Rxe7 Rxe7 26.Re1 Nf5 27.Rxe7 Nxg3+ 28.Kf2 Nh1+ 29.Kg1
Bxe7 30.Kxh1 Bh4 31.Nc1 Be1 32.Ne2 Kf8 33.g4 h4 34.f4 Ke7 35.Kg2
Kd6 36.Kf3 Bd2 37.Kf2 a6 38.Kf3 f5 39.g5 Kc6 40.Kf2 a5 41.bxa5
b5 42.axb5+ Kxb5 43.Kf3 Kxa5 44.Ng1 Kb5 45.Ke2 Bxf4 46.Nf3 Kc4
47.Nxh4 Bxg5 48.Nxg6 Kxc3 49.h4 Bf6 50.Nf4 Kxd4 0-1

[Event "Moscow Open 2009 B"]
[Site "www.moscowchessopen.ru"]
[Date "2009.02.04"]
[Round "5.127"]
[White "Glushkov, Lev"]
[Black "Piskun, Alexey"]
[Result "1-0"]
[WhiteElo "1897"]
[BlackElo "2095"]
[Annotator ""]
[Source ""]
[Remark ""]

1.e4 c6 2.d4 d5 3.Nc3 dxe4 4.Nxe4 Nd7 5.Nf3 Ngf6 6.Ng3 e6 7.c4
Be7 8.Bf4 Qa5+ 9.Bd2 Qc7 10.Qc2 c5 11.Be2 b6 12.dxc5 Bxc5 13.b4
Be7 14.O-O Bb7 15.Nd4 a6 16.f4 O-O 17.a3 Rac8 18.Rac1 Rfd8 19.Be3
Nf8 20.Nb3 Bd6 21.Qb2 Ng6 22.Qd4 Bxf4 23.Bxf4 e5 24.Bxe5 Nxe5
25.Qc3 Qc6 26.Rf2 Neg4 27.Bxg4 Nxg4 28.Nf5 1-0

[Event "Moscow Open 2009 B"]
[Site "www.moscowchessopen.ru"]
[Date "2009.02.04"]
[Round "5.128"]
[White "Leonov, Dmitry"]
[Black "Gorshkov, Anatoly"]
[Result "1/2-1/2"]
[WhiteElo "1892"]
[BlackElo "2093"]
[Annotator ""]
[Source ""]
[Remark ""]

1.d4 Nf6 2.Bg5 d6 3.Nc3 Bf5 4.f3 d5 5.e3 c6 6.Bd3 Bxd3 7.Qxd3
Nbd7 8.f4 e6 9.Nge2 Bb4 10.O-O-O Qa5 11.Kb1 b5 12.e4 Bxc3 13.Nxc3
b4 14.Bxf6 Nxf6 15.e5 Ng4 16.Qf3 bxc3 17.Rd3 Rb8 18.Rxc3 Nf2
19.Ra3 Qxa3 20.Qxa3 Nxh1 21.Qe3 O-O 22.Qe1 c5 23.Qxh1 cxd4 24.Qd1
Rb4 25.a3 Rc4 26.b3 Rb8 27.Qd3 a5 28.Qd2 a4 29.b4 Rbc8 1/2-1/2

[Event "Moscow Open 2009 B"]
[Site "www.moscowchessopen.ru"]
[Date "2009.02.04"]
[Round "5.129"]
[White "Ibragimov, Ali"]
[Black "Klyuev, Alexander S"]
[Result "1-0"]
[WhiteElo "2089"]
[BlackElo "1755"]
[Annotator ""]
[Source ""]
[Remark ""]

1.d4 d5 2.Nf3 e6 3.c3 Nd7 4.Bg5 Be7 5.Bf4 Ngf6 6.e3 O-O 7.Bd3
Re8 8.Ne5 Nxe5 9.dxe5 Nd7 10.h4 f6 11.Qh5 Nf8 12.Rh3 fxe5 13.Bxe5
Bd7 14.Bxg7 Kxg7 15.Rg3+ Kh8 16.Qf7 Ng6 17.Bxg6 hxg6 1-0

[Event "Moscow Open 2009 B"]
[Site "www.moscowchessopen.ru"]
[Date "2009.02.04"]
[Round "5.130"]
[White "Emdin, Mark"]
[Black "Panko, Alexander"]
[Result "0-1"]
[WhiteElo "1885"]
[BlackElo "2087"]
[Annotator ""]
[Source ""]
[Remark ""]

1.e4 c5 2.c4 Nc6 3.Nc3 g6 4.g3 Bg7 5.Bg2 d6 6.Nge2 Bd7 7.O-O
Qc8 8.Rb1 Bh3 9.a3 Bxg2 10.Kxg2 h5 11.h4 Nf6 12.d3 O-O 13.b4
b6 14.f3 Nh7 15.Be3 0-1

[Event "Moscow Open 2009 B"]
[Site "www.moscowchessopen.ru"]
[Date "2009.02.04"]
[Round "5.132"]
[White "Kvasov, Sergey"]
[Black "Gorishniy, Yuri"]
[Result "1/2-1/2"]
[WhiteElo "1850"]
[BlackElo "2085"]
[Annotator ""]
[Source ""]
[Remark ""]

1.e4 c5 2.Nc3 Nc6 3.g3 g6 4.Bg2 Bg7 5.d3 d6 6.Be3 Rb8 7.Qd2 b5
8.Nd1 e6 9.f4 Nge7 10.Ne2 Nd4 11.c3 Nxe2 12.Qxe2 b4 13.O-O bxc3
14.bxc3 Qa5 15.Qc2 O-O 16.Bd2 Ba6 17.Ne3 Qb5 18.Nc4 Qd7 19.Ne3
f5 20.exf5 exf5 21.Rab1 d5 22.Rxb8 Rxb8 23.Rb1 Rxb1+ 24.Qxb1
d4 1/2-1/2

[Event "Moscow Open 2009 B"]
[Site "www.moscowchessopen.ru"]
[Date "2009.02.04"]
[Round "5.133"]
[White "Basencyan, Mark"]
[Black "Romanov, Sergey"]
[Result "0-1"]
[WhiteElo "1848"]
[BlackElo "2083"]
[Annotator ""]
[Source ""]
[Remark ""]

1.d4 d5 2.Nf3 Nf6 3.c4 c6 4.Nc3 dxc4 5.e4 b5 6.Qc2 e6 7.g3 Bb7
8.Bg2 Nbd7 9.O-O Bb4 10.e5 Nd5 11.Ng5 h6 12.Nge4 Nxc3 13.bxc3
Be7 14.a4 Qb6 15.Ba3 Bxa3 16.Rxa3 O-O 17.Nd6 a6 18.g4 Rab8 19.g5
hxg5 20.f4 gxf4 21.a5 Qd8 22.Rxf4 f5 23.Ra1 Qg5 24.Qf2 c5 25.Nxb7
Rxb7 26.Kh1 Rc7 27.Rg1 Qe7 28.h4 cxd4 29.cxd4 c3 0-1

[Event "Moscow Open 2009 B"]
[Site "www.moscowchessopen.ru"]
[Date "2009.02.04"]
[Round "5.134"]
[White "Kagner, Roman"]
[Black "Dubonosov, Evgenij"]
[Result "0-1"]
[WhiteElo "1737"]
[BlackElo "2082"]
[Annotator ""]
[Source ""]
[Remark ""]

1.e4 c5 2.Nf3 d6 3.Bb5+ Bd7 4.Bxd7+ Qxd7 5.c4 Qg4 6.O-O Qxe4
7.d3 Qg4 8.Nc3 Nf6 9.h3 Qd7 10.Be3 e5 11.a3 Be7 12.b4 Nc6 13.b5
Nd8 14.Bg5 Ne6 15.Bxf6 Bxf6 16.Nd2 O-O 17.Nde4 Be7 18.Nd5 f5
19.Nec3 Rae8 20.Qa4 b6 21.Qc2 Bd8 22.a4 Qf7 23.f4 exf4 24.Nxf4
Nxf4 25.Rxf4 Bf6 26.Raf1 Bd4+ 27.Kh1 Bxc3 28.Qxc3 Qe6 29.Qc2
g5 30.R4f2 f4 31.Rd1 f3 32.Rdd2 h5 33.Kh2 Qe5+ 34.Kh1 Qg3 35.Rd1
fxg2+ 36.Rxg2 Qxh3+ 37.Kg1 Qe3+ 38.Kh1 Rf3 39.Rh2 Rh3 40.Rxh3
Qxh3+ 41.Kg1 Re3 42.Qh2 Rg3+ 43.Kh1 Qg4 44.Rg1 Rxg1+ 45.Qxg1
Qxg1+ 46.Kxg1 Kg7 0-1

[Event "Moscow Open 2009 B"]
[Site "www.moscowchessopen.ru"]
[Date "2009.02.04"]
[Round "5.146"]
[White "Tyutyunnikov, Kirill"]
[Black "Kazakov, Konstantin"]
[Result "0-1"]
[WhiteElo "1972"]
[BlackElo "2265"]
[Annotator ""]
[Source ""]
[Remark ""]

1.d4 Nf6 2.c4 e6 3.g3 d5 4.Nf3 dxc4 5.Qa4+ Nbd7 6.Bg2 a6 7.Nc3
c5 8.dxc5 Bxc5 9.O-O O-O 10.Qxc4 b5 11.Qd3 Bb7 12.Be3 Rc8 13.Rfd1
Qb6 14.Bxc5 Nxc5 15.Qe3 b4 16.Nb1 Ng4 17.Qf4 Ne4 18.Qxg4 Qxf2+
19.Kh1 Qe3 20.Rf1 Rc1 21.Qh5 Nf2+ 0-1

[Event "Moscow Open 2009 B"]
[Site "www.moscowchessopen.ru"]
[Date "2009.02.04"]
[Round "5.147"]
[White "Simkin, Alexander"]
[Black "Popelyshev, Igor V"]
[Result "0-1"]
[WhiteElo "1957"]
[BlackElo "2159"]
[Annotator ""]
[Source ""]
[Remark ""]

1.e4 c5 2.Nf3 Nc6 3.d4 cxd4 4.Nxd4 g6 5.Be3 Bg7 6.Nc3 Nf6 7.Qd2
Ng4 8.Nxc6 bxc6 9.Bd4 f6 10.h3 Nh6 11.Bc4 Nf7 12.O-O O-O 13.f4
e6 14.Rad1 d5 15.Bb3 Re8 16.Qf2 Qc7 17.exd5 exd5 18.Rfe1 Be6
19.Na4 Nd6 20.Nc5 Bf5 21.Qh4 Rxe1+ 22.Rxe1 Re8 23.Rxe8+ Nxe8
24.Qe1 Kf7 25.g4 Bc8 26.Qf2 Nd6 27.a4 a5 28.Qe3 h5 29.Qf3 hxg4
30.hxg4 Qe7 31.Kf2 f5 32.Bxg7 fxg4 33.Qc3 Qh4+ 34.Kg1 g3 35.Bd4
Qh2+ 36.Kf1 Qh1+ 37.Ke2 Bg4+ 38.Kd3 Qf1+ 39.Kd2 Qd1+ 40.Ke3 Qe2# 0-1

[Event "Moscow Open 2009 B"]
[Site "www.moscowchessopen.ru"]
[Date "2009.02.04"]
[Round "5.148"]
[White "Radivilov, Igor"]
[Black "Malyshev, Roman"]
[Result "1/2-1/2"]
[WhiteElo "1947"]
[BlackElo "2154"]
[Annotator ""]
[Source ""]
[Remark ""]

1.Nf3 Nf6 2.d4 d5 3.Bf4 c5 4.e3 Nc6 5.Be2 Qb6 6.b3 Bf5 7.c3 e6
8.O-O Be7 9.a4 a5 10.Na3 Ne4 11.Nb5 Rc8 12.Rc1 O-O 13.Nd2 cxd4
14.Nxe4 Bxe4 15.exd4 Na7 16.c4 Nxb5 17.axb5 dxc4 18.bxc4 Ba3
19.c5 Qd8 20.Ra1 Bb2 21.Ra4 Bc3 22.Rc4 Bb4 23.Bd6 Re8 24.Bf3
Bd5 25.Rc1 Qd7 26.Bxd5 exd5 27.Qd3 Qg4 28.f3 Qg5 29.Rc2 Re3 30.Qd1
Rce8 31.Rcf2 Qf5 32.f4 Qd7 33.Qh5 Qxb5 34.Qxd5 Re1 35.f5 Bd2
36.Bf4 Rxf1+ 37.Rxf1 Bxf4 38.Rxf4 Re1+ 39.Kf2 Qe2+ 40.Kg3 Qe7
41.h4 h6 42.c6 bxc6 43.Qxc6 Re3+ 44.Kh2 Qd8 45.g3 Qb8 46.f6 Rxg3
47.Kxg3 g5 48.hxg5 hxg5 49.Kh3 gxf4 50.Kh4 1/2-1/2

[Event "Moscow Open 2009 B"]
[Site "www.moscowchessopen.ru"]
[Date "2009.02.04"]
[Round "5.149"]
[White "Seregin, Alexey"]
[Black "Litvinov, Viktor"]
[Result "1/2-1/2"]
[WhiteElo "1916"]
[BlackElo "2125"]
[Annotator ""]
[Source ""]
[Remark ""]

1.e4 c5 2.Nf3 Nc6 3.d4 cxd4 4.Nxd4 g6 5.Nc3 Bg7 6.Be3 Nf6 7.Nxc6
bxc6 8.e5 Ng8 9.Bd4 Qa5 10.Bc4 Bxe5 11.O-O Nh6 12.Re1 Bxd4 13.Rxe7+
Kxe7 14.Qxd4 Rd8 15.Qe3+ Kf6 16.Ne4+ Kg7 17.Qd4+ Kf8 18.Qh8+
Ng8 19.Nf6 d5 20.Bd3 Be6 21.Nxg8 Ke8 22.Qxh7 Kd7 23.Nf6+ Kd6
24.Qh4 Rh8 25.Qf4+ Ke7 26.Qg5 Kf8 27.Qe5 Qd2 28.Nxd5 Rh5 29.Qd6+
Kg7 30.Nf4 Rg5 31.Nxe6+ fxe6 32.Qxe6 Rf8 33.Qd7+ Kh6 34.Qxa7
c5 35.Rf1 Qb4 36.Qe7 Rxg2+ 37.Kxg2 Qg4+ 38.Kh1 Qf3+ 39.Kg1 1/2-1/2

[Event "Moscow Open 2009 B"]
[Site "www.moscowchessopen.ru"]
[Date "2009.02.04"]
[Round "5.150"]
[White "Antonov, Alexandr"]
[Black "Dragunov, Vladimir"]
[Result "1-0"]
[WhiteElo "2121"]
[BlackElo "1969"]
[Annotator ""]
[Source ""]
[Remark ""]

1.e4 c5 2.Nf3 Nc6 3.d4 cxd4 4.Nxd4 Nf6 5.Nc3 e5 6.Ndb5 a6 7.Na3
d6 8.Bg5 b5 9.Nd5 Be7 10.Bxf6 gxf6 11.c3 f5 12.exf5 Bxf5 13.Nc2
O-O 14.Nce3 Bg6 15.a4 b4 16.cxb4 Nd4 17.Bc4 Kg7 18.O-O f6 19.Bd3
f5 20.Nc2 Ne6 21.Qe2 f4 22.f3 Nc7 23.Bxg6 Nxd5 24.Be4 Nxb4 25.Bxa8
Nxc2 26.Qxc2 Qxa8 27.Qc7 Kf6 28.Rfc1 Rg8 29.Rc6 Ke6 30.Rd1 Rd8
31.Rb6 Rd7 32.Qc4+ Kf6 33.Rxa6 Qb7 34.Qc6 Ke6 35.Qxb7 Rxb7 36.Ra1
Rxb2 37.a5 Bf6 38.Rb6 Rc2 39.Rd1 Be7 40.Rbb1 d5 41.Rdc1 Rd2 42.a6
Ra2 43.Kh1 1-0